01198cam a2200313 a 4500999001900000001000800019003000500027005001700032008004100049010001700090020003100107038001200138040001800150043001200168050002100180082002000201100003000221245009900251260009000350300002800440440005900468504002800527650005200555650004600607710007700653906004500730942001200775952009700787 c529447d5294471861996NUST20190926113213.0830531s1982 dcua b 000 0 eng  a 82051209  a030903454X (pbk.) :c$6.80 aMSOHAIL aDLCcDLCdDLC an-us---00aHE203b.E52 198200a333.77209732191 aEngelen, Rodney E.92153010aCoordination of transportation system management and land use management /cRodney E. Engelen. aWashington, D.C. :bTransportation Research Board, National Research Council,c[1982] a38 p. :bill. ;c28 cm. 0aSynthesis of highway practice,x0547-5570 ;v93921531 aBibliography: p. 37-38. 0aTransportationzUnited StatesxPlanning.921431 0aLand usezUnited StatesxPlanning.9215322 aNational Research Council (U.S.).bTransportation Research Board.919676 a7bcbccorignewd2eocipf19gy-gencatlg 2ddccBK 00102ddc4070aNITbNITd2019-09-26l0o333.7720973pNIT-10906r2019-09-26w2019-09-26yBK